000 00680nam a22001937a 4500
999 _c15029
_d15029
003 OSt
005 20200206133805.0
008 181213b ||||| |||| 00| 0 eng d
022 _a00116009
040 _c0
082 _aDPer 792.805 D19 Mar-Aug 2016 v. 90, n. 3-8
100 _aHalminton, Linda.
_933260
245 _aWhen the going gets tough:
_bshould you quit your job if you hate your boss? plus how to recover from a depressing breakup/
_cLinda Hamilton
260 _aNew York:
_bDance Media,
_c©Mar-Aug 2016.
300 _av90 n6, page 24.
_bcolored illustrations:
_c25 cm.
500 _aDance magazine.
650 _aBallet
_xDancers
_xAnxiety.
_933261
942 _2ddc
_cPER